Secluded Scholars (Record no. 23421)

MARC details
000 -LEADER
fixed length control field 00386nam a2200169Ia 4500
008 - FIXED-LENGTH DATA ELEMENTS--GENERAL INFORMATION
fixed length control field 220531s9999 xx 000 0 und d
041 ## - LANGUAGE CODE
Language code of text/sound track or separate title eng
082 ## - DEWEY DECIMAL CLASSIFICATION NUMBER
Item number MIN
100 ## - MAIN ENTRY--PERSONAL NAME
Personal name Minault, G.
9 (RLIN) 38717
245 ## - TITLE STATEMENT
Title Secluded Scholars
260 ## - PUBLICATION, DISTRIBUTION, ETC. (IMPRINT)
Name of publisher, distributor, etc. Oxford
Date of publication, distribution, etc. 1995
300 ## - PHYSICAL DESCRIPTION
Extent 359
542 ## - INFORMATION RELATING TO COPYRIGHT STATUS
Copyright holder 16-06-1998
650 ## - SUBJECT ADDED ENTRY--TOPICAL TERM
Topical term or geographic name as entry element Genral
9 (RLIN) 38718
906 ## - LOCAL DATA ELEMENT F, LDF (RLIN)
d 1998-1999
f 6010
Holdings
Withdrawn status Lost status Source of classification or shelving scheme Damaged status Not for loan Home library Current library Date acquired Vendor Cost, normal purchase price Total Checkouts Total Holds Full call number Barcode Date last seen Bill Date Koha item type Original Barcode
    Dewey Decimal Classification     Shri Siddhivinayak Mahila Mahavidyalaya Shri Siddhivinayak Mahila Mahavidyalaya 23/06/1998 Pritam 575.00   1 /MIN/B/4405 SSMM-BK-4405 06/08/2022 06/08/2022 Books 010004405